00961nam a22002417a 4500999001700000003000900017008004100026040007100067082001500138100002100153245006700174260003500241300002800276440004600304505014900350650002200499650002000521650002000541700002700561942001600588945002000604952009500624 c16876d16876AR-CdUCM190506b ||||| |||| 00| 0 spa d aMUNICIPALIDAD PROVINCIAL DEL CUSCOcBIBLIOTECA MUNICIPAL DEL CUSCO a306 /bB35 aBehrman, Jack N. aCriterios de decisión para inversiones en américa latina / aBuenos Aires :bProlam,c1975. a133 páginas :c23 cm. aEdiciones económicas y empresa 936598 aContenido : Criterios de las empresas y formas de operación -- Criterios e inquietudes del gobierno huesped -- Evaluación de las normas ...  aInversión91712 aEconomía9382 aAmérica91348 aLeal, Anibal G,936599 2ddccLIBROS arahd06/05/2019 002ddc4070aSHbSHcCARTd2019-05-06g20.00o306 / B35pSH0000011742r2019-05-06yLIBROS